01176cam a2200265 a 450000100100000000500170001000800410002704000320006808200190010010000450011924501190016426000600028330000210034349000280036450000630039265000440045565000360049970000380053570000370057383000380061004900090064895201160065795201220077399900150089500000514120200929151605.0901228s1986 nq 000 p spa d aDO-SdBNPbspacBNPHUdBNPHU aN861.42bP164a1 aPallais, Azarías H.,d1884-195491471310aAntología /cAzarías H. Pallais ; selección y prólogo de Ernesto Cardenal ; edición Elízabeth Fonseca. aManagua, Nicaragua :bEditorial Nueva Nicaragua,c1986. a443 p. ;c20 cm.1 aLetras de Nicaraguav19 aIncluye datos biográficos del autor en la contracubierta 4aPoesía nicaragüenseySIGLO XX98121 4aLiteratura nicaragüense981221 aCardenal, Ernestoepról.9147141 aFonseca, Elízabetheed.914715 0aLetras de Nicaragua ;n19.914716 aBNGR 001050718MOaGRbGRcHDd2009-07-29iLF1l0oN861.42 P164ap5141-10r2020-06-25w2020-06-25y1ZNo se presta 001150718MOaGRbGRcMId2017-04-05iLF1l0oN861.42 P164ap5141-20r2020-06-25te. 2w2020-06-25y1ZNo se presta c4944d4944